| 000 | 00541nam a2200193Ia 4500 | ||
|---|---|---|---|
| 005 | 20250508152224.0 | ||
| 008 | 008 250505s9999 xx 000 0 eng d | ||
| 037 | _aTextual | ||
| 040 |
_aFEDL _beng _cFEDL |
||
| 041 |
_aeng _2eng |
||
| 084 |
_a741.67, BEN _qFEDL |
||
| 100 |
_aBennett Compton _9761053 |
||
| 245 | 0 | _aPosters and showcards | |
| 260 |
_aLondon, UK _bW Foulsham and Co Ltd |
||
| 300 | _a63p | ||
| 490 | _aFoulsham's easy method drawing series | ||
| 942 |
_cTEXL _h741.67, BEN |
||
| 999 |
_c1335045 _d1335045 |
||